Koľko farieb má pracovný svet?
Článok prináša typológiu pracovných pozícií podľa farby goliera, ktorá umožňuje zachytiť rozdiely v charaktere práce, spoločenskom postavení a očakávaniach kladených na zamestnancov naprieč rôznymi profesiami.
Gespeichert in:
| 1. Verfasser: | |
|---|---|
| Format: | Buchkapitel |
| Sprache: | Slowakisch |
| Schlagworte: | |
| Tags: |
Keine Tags, Fügen Sie das erste Tag hinzu!
|
MARC
| LEADER | 00000naa$a2200000$$$4500 | ||
|---|---|---|---|
| 001 | 0313055 | ||
| 005 | 20251105110524.4 | ||
| 041 | 0 | |a slo | |
| 044 | |a SK | ||
| 245 | 1 | 0 | |a Koľko farieb má pracovný svet? |c Cecília Olexová |
| 520 | |a Článok prináša typológiu pracovných pozícií podľa farby goliera, ktorá umožňuje zachytiť rozdiely v charaktere práce, spoločenskom postavení a očakávaniach kladených na zamestnancov naprieč rôznymi profesiami. | ||
| 610 | 2 | 0 | |a pracovníci |
| 610 | 2 | 0 | |a zamestnanci |
| 610 | 2 | 0 | |a zmluvy pracovné |
| 610 | 2 | 0 | |a organizácia |
| 610 | 2 | 0 | |a zamestnávatelia |
| 610 | 2 | 0 | |a výkonnosť |
| 100 | 1 | |a Olexová, Cecília, 1976- | |